000 00965nam a22002295i 4500
001 156584
003 ES-MaACL
005 20230906210440.0
008 040803s1729 gw |||| | lat d
040 _aCAM
_bspa
_cCAM
100 1 _aKeller Cellario, Christoph.
_9128441
245 1 0 _aChristophori Cellarii Orthographia latina ex vetustis monumentis
_b: hoc est nummis, marmoribus, tabulis, membranis veterumque grammaticorum placitis nec non recentium ingeniorum curis excerpta, digesta novisque observationibus illustrata.
250 _aEditio quinta.
260 _aIenae :
_bsumtu Io. Felicis Bielkii,
_c1729.
300 _a[4], 132, [4] en bl. p. ;
_c8ยบ.
596 _aMarca tip. en port.
597 _aSign.: []\p2\s, A-G\p8\s, H\p4\s, I\p8\s.
700 1 1 _aBielk, Johann Felix,
_eed.
_9125988
740 0 1 _aOrthographia latina ex vetustis monumentis.
752 _aAlemania -
_dJena
852 _aES-MaACL
_jR-465
_z-- Enc. perg.
_x Olim: B-6113
999 _c156584
_d156584